Tilastot visalle Serbian naapurimaat

Klikkaa tästä pelataksesi tätä visaa!

Yleistilastot

  • Tätä visaa on pelattu 1 239 kertaa
  • Keskiarvotulos 7 / 8

Vastaukset kartalla

Vastauksille on annettu kartalla punavihreä väri sen mukaan, kuinka moni on saanut sen oikein.
 

Vastaustilastot

Valtio% Oikein
Bosnia ja Hertsegovina
95%
Kosovo
95%
Kroatia
95%
Montenegro
94%
Romania
93%
Bulgaria
91%
Pohjois-Makedonia
91%
Unkari
89%

Tulosjakauma

Persentiili vastausten määrän mukaan

Jokaisen tuloksen saaneiden osuus

Tuloshistoriasi

Et ole pelannut tätä visaa